000 00622nam a2200193Ii 4500
003 JO-AjNU
008 230605s9999||||xx |||||||||||||| ||und||
040 _aJO-AjNU
_bara
_erda
_cJO-AjNU
041 _aara
050 1 4 _aHS395 .M34 1984
100 3 _a مكاريوس، شاهين,
_eauthor
_98966
245 0 0 _aتاريخ الماسونية القديمة وآثارها
264 3 1 _aبيروت: دار مارون عبود، 1984
300 _a160ص
336 _atext
_btxt
_2rdacontent
337 _aunmediated
_bn
_2rdamedia
338 _avolume
_bnc
_2rdacarrier
650 4 _aالماسونية - تاريخ 
_98967
999 _aA1057
_c4625
_d4625